000 00889nam0a22002531 4500
001 rc\256085
005 20030307121251.7
035 _a(NLR Aleph) 005527702
090 _a5575910
_c5575910
100 _a20030307d1990 u |0rusy50 ca
101 0 _arus
102 _aRU
105 _aa |||||||||
200 1 _aЭлектродуговые плазменные реакторы с трехструйными камерами смещения
210 _aМинск
_cИТМО
_d1990
215 _a44 с.
_cил.
_d20
225 1 _aПрепринт
_fАН БССР. Ин-т тепло- и массообмена им. А.В. Лыкова
_v№ 19
320 _aБиблиогр.: с. 43-44 (19 назв.)
700 1 _aМоссэ
_bА. Л.
_gАльфред Львович
801 0 _aRU
_bNLR
_gpsbo
801 1 _aRU
_bELAR
_2rusmarc
852 _aNLR
_j90-4/11430
942 _cBOOK
980 _aNB